Zach Bryan Songs - Sudden Death - Statistics

General Stats
  • This quiz has been taken 2,453 times
  • The average score is 11 of 19
Answers on the Grid
Answers color-coded by a green-red scale on the quiz's grid according to % correct below.
Sun to Me
Highway Boys
November Air
Heading West
Above Ground
Right Now the Best
Oklahoman Son
American Nights
Pink Skies
God Speed
Leaving and Lonely
Shake the Frost
Traveling Man
Motorcycle Drive By
Cold Blooded
El Dorado
From Dallas
Edge of the Earth
Fifth of August
Leaving Tonight
Tourniquet
Seventeen
After All
Doing Fine
East Side of Sorrow
Sober Side of Sorry
Towers
Oak Island
Straight and Narrow
Younger Years
 
Answer Stats
Answer % Correct
Pink Skies
81%
East Side of Sorrow
75%
Sun to Me
75%
Tourniquet
74%
American Nights
73%
God Speed
72%
Motorcycle Drive By
70%
El Dorado
69%
November Air
67%
Highway Boys
64%
Oak Island
61%
Oklahoman Son
57%
Traveling Man
56%
Sober Side of Sorry
52%
Younger Years
51%
Towers
41%
Doing Fine
38%
Cold Blooded
37%
Right Now the Best
32%
No matching quizzes found
Score Distribution
Percent of People with Each Score
Percentile by Number Answered
Your Score History
You have not taken this quiz